00581nam a2200217Ia 4500008004100000020002200041050001600063050001400079100002000093245003500113245002000148245002000168260001600188260003400204260000900238300001600247300002000263300001100283500005100294650001800345180523s9999 xx 000 0 und d a978-981-0697-41-9 aMAIN HB 139 b.S76 2009 aStock, James H. 0aIntroduction to econometrics : 0bbrief edition / 0cJames H. Stock. aSingapore : bPearson Education South Asia, c2009 a379 pages : billustrations ; c23 cm. aIncludes bibliographical references and index. aEconometrics.